000 01794nam a2200361 i 4500
003 EG-GICUC
005 20260121101157.0
008 251109b1973 ua ||||f |||| 00| 0 ara d
040 _a EG-GICUC
_c EG-GICUC
_d EG-GICUC
_erda
_bara
041 _aara
082 0 4 _221
_a345.05
_bي و . م
092 0 4 _221
099 _aLaw1 07 345.05 ي و . م 1973
100 0 _aيوسف خلوصي
_eمؤلف.
245 _aمؤتمر الإصلاح الإداري في الدول النامية :
_bبالمملكة المتحدة في المدة من 25 أكتوبر حتى 2 نوفمبر الذي عقدته هيئة الأمم المتحدة في جامعة ساسكس سنة 1971 /
_cإعداد يوسف خلوصي.
264 _aالقاهرة :
_bجامعة الدول العربية-المنظمة العربية للعلوم الإدارية، مركز البحوث الإدارية،
_c1973.
300 _a61 صفحة ؛
_c24 سم.
336 _2rda content
_atext
337 _2rda media
_aComputer
338 _2rda carrier
_aOnline Resource
490 _v141
500 _aقائمة بالبحوث المقدمة في مؤتمر الإصلاح الإداري
500 _aInter Regional Seminar on Major Administrative Reforms in Developing Countries. Falmer, Brighton, United Nations.
546 _aالنص باللغة العربية
650 1 _2qrmak
_aالإدارة العامة
_xالبلدان النامية
650 1 _2qrmak
_aالإصلاح الإداري
_xالبلدان النامية
650 1 _2qrmak
_aالتنمية الإدارية
_xالبلدان النامية
650 1 _2qrmak
_aمؤتمرات وندوات
830 _0
856 4 0 _uhttps://fll.law.cu.edu.eg/fulltext/bks/B07-00167.pdf
905 _aWesam Mahmoud
942 _2ddc
_n0
_cBK
_e21
999 _c41778
_d41778